000 00842nam a2200289 i 4500
001 26571
003 ES-MaACL
005 20250905131223.0
007 t|
008 030109s1983 sp |||| | spa d
020 _a84-376-0100-2
080 _a821.134.2-22"19"
100 1 _aArrabal, Fernando,
_d1932-
_923204
245 1 0 _aPic-Nic
_b; El triciclo ; El laberinto /
_cFernando Arrabal ; edición de Ángel Berenguer.
250 _a6ª ed.
260 _aMadrid :
_bCátedra,
_c1983.
300 _a269 p. ;
_c18 cm.
490 1 _aLetras hispánicas ;
_v63
504 _aBibliografía.
700 1 _aBerenguer, Ángel,
_d1943-
_927879
740 3 2 _aEl triciclo.
740 3 2 _aEl laberinto.
830 0 0 _aLetras hispánicas ;
_v63
_9235703
852 _aES-MaACL
_jL-11287
942 _2udc
999 _c26571
_d26571